000 00859nam a2200205Ii 4500
003 JO-AjNU
008 230605s9999||||xx |||||||||||||| ||und||
040 _aJO-AjNU
_bara
_erda
_cJO-AjNU
041 _aara
050 1 4 _aGF698.S976 1992
100 3 _aاعداد السرياني ، محمد محمود ,
_eauthor
_956919
245 0 0 _aالسمات الديموغرافية للمجتمع السعودي "التركيب العمري"
264 3 1 _aالسعودية: مركز ابحاث مكافحة الجريمة،1992
300 _a192ص
_b يحتوي على جداول
336 _atext
_btxt
_2rdacontent
337 _aunmediated
_bn
_2rdamedia
338 _avolume
_bnc
_2rdacarrier
490 0 _aسلسلة مركز ابحاث مكافحة الجريمة
650 4 _aالسمات الدييموغرافية - التركيب العمري
_956920
999 _aA25476
_c29044
_d29044